<?xml version="1.0" encoding="UTF-8"?>
<record
    xmlns:xsi="http://www.w3.org/2001/XMLSchema-instance"
    xsi:schemaLocation="http://www.loc.gov/MARC21/slim http://www.loc.gov/standards/marcxml/schema/MARC21slim.xsd"
    xmlns="http://www.loc.gov/MARC21/slim">

  <leader>01380nam a22003257a 4500</leader>
  <controlfield tag="003">OSt</controlfield>
  <controlfield tag="005">20170731131331.0</controlfield>
  <controlfield tag="008">170704s2016    ua     fr     000 0 ara d</controlfield>
  <datafield tag="020" ind1=" " ind2=" ">
    <subfield code="a">9789933505783</subfield>
  </datafield>
  <datafield tag="040" ind1=" " ind2=" ">
    <subfield code="a">EG-ScBUE </subfield>
    <subfield code="b">ara</subfield>
    <subfield code="c">EG-ScBUE </subfield>
  </datafield>
  <datafield tag="041" ind1="1" ind2=" ">
    <subfield code="a">ara</subfield>
    <subfield code="h">eng</subfield>
  </datafield>
  <datafield tag="082" ind1="0" ind2="4">
    <subfield code="2">22</subfield>
    <subfield code="a">320.962</subfield>
    <subfield code="b">&#x641; &#x64A; &#x631;</subfield>
  </datafield>
  <datafield tag="100" ind1="1" ind2=" ">
    <subfield code="a">&#x641;&#x64A;&#x631;&#x643;&#x644;&#x627;&#x648;&#x60C; &#x625;&#x64A;&#x632;&#x628;&#x64A;&#x644;&#x627;.</subfield>
  </datafield>
  <datafield tag="240" ind1=" " ind2=" ">
    <subfield code="a">Political discourse analysis.</subfield>
    <subfield code="l">Arabic</subfield>
  </datafield>
  <datafield tag="245" ind1="1" ind2="0">
    <subfield code="a">&#x62A;&#x62D;&#x644;&#x64A;&#x644; &#x627;&#x644;&#x62E;&#x637;&#x627;&#x628; &#x627;&#x644;&#x633;&#x64A;&#x627;&#x633;&#x64A; :</subfield>
    <subfield code="b">&#x645;&#x642;&#x627;&#x631;&#x628;&#x629; &#x644;&#x637;&#x644;&#x627;&#x628; &#x627;&#x644;&#x62F;&#x631;&#x627;&#x633;&#x627;&#x62A; &#x627;&#x644;&#x645;&#x62A;&#x642;&#x62F;&#x645;&#x629; &#x648;&#x627;&#x644;&#x639;&#x644;&#x64A;&#x627; / </subfield>
    <subfield code="c">&#x625;&#x64A;&#x632;&#x627;&#x628;&#x64A;&#x644;&#x627; &#x641;&#x64A;&#x631;&#x643;&#x644;&#x627;&#x648;&#x60C; &#x646;&#x648;&#x631;&#x645;&#x627;&#x646; &#x641;&#x64A;&#x631;&#x643;&#x644;&#x627;&#x648; &#x61B; &#x646;&#x642;&#x644;&#x647; &#x625;&#x644;&#x649; &#x627;&#x644;&#x639;&#x631;&#x628;&#x64A;&#x629; &#x639;&#x628;&#x62F; &#x627;&#x644;&#x641;&#x62A;&#x627;&#x62D; &#x639;&#x645;&#x648;&#x631;&#x629;.</subfield>
  </datafield>
  <datafield tag="250" ind1=" " ind2=" ">
    <subfield code="a">&#x637;. 1.</subfield>
  </datafield>
  <datafield tag="260" ind1=" " ind2=" ">
    <subfield code="a">&#x62F;&#x645;&#x634;&#x642; :</subfield>
    <subfield code="b">&#x62F;&#x627;&#x631; &#x627;&#x644;&#x641;&#x631;&#x642;&#x62F;&#x60C;</subfield>
    <subfield code="c">2016.</subfield>
  </datafield>
  <datafield tag="300" ind1=" " ind2=" ">
    <subfield code="a">535 &#x635;. &#x61B;</subfield>
    <subfield code="c">24 &#x633;&#x645;.</subfield>
  </datafield>
  <datafield tag="521" ind1=" " ind2=" ">
    <subfield code="a">&#x645;&#x648;&#x62C;&#x647; &#x625;&#x644;&#x649; &#x637;&#x644;&#x627;&#x628; &#x627;&#x644;&#x62F;&#x631;&#x627;&#x633;&#x627;&#x62A; &#x627;&#x644;&#x639;&#x644;&#x64A;&#x627;.</subfield>
  </datafield>
  <datafield tag="541" ind1=" " ind2=" ">
    <subfield code="a">.&#x625;&#x647;&#x62F;&#x627;&#x621; &#x645;&#x646; &#x623;. &#x645;&#x62D;&#x645;&#x62F; &#x641;&#x631;&#x64A;&#x62F; &#x62E;&#x645;&#x64A;&#x633;</subfield>
  </datafield>
  <datafield tag="546" ind1=" " ind2=" ">
    <subfield code="a">&#x627;&#x644;&#x646;&#x635; &#x628;&#x627;&#x644;&#x644;&#x63A;&#x629; &#x627;&#x644;&#x639;&#x631;&#x628;&#x64A;&#x629; &#x61B; &#x645;&#x62A;&#x631;&#x62C;&#x645; &#x645;&#x646; &#x627;&#x644;&#x644;&#x63A;&#x629; &#x627;&#x644;&#x625;&#x646;&#x62C;&#x644;&#x64A;&#x632;&#x64A;&#x629;.</subfield>
  </datafield>
  <datafield tag="590" ind1=" " ind2=" ">
    <subfield code="a">&#x639;&#x644;&#x64A;&#x627;&#x621; &#x639;&#x627;&#x62F;&#x644;</subfield>
  </datafield>
  <datafield tag="650" ind1=" " ind2="7">
    <subfield code="2">BUEsh</subfield>
    <subfield code="a">&#x627;&#x644;&#x62E;&#x637;&#x628; &#x627;&#x644;&#x633;&#x64A;&#x627;&#x633;&#x64A;&#x629;</subfield>
    <subfield code="x">&#x645;&#x635;&#x631;</subfield>
  </datafield>
  <datafield tag="651" ind1=" " ind2="7">
    <subfield code="2">BUEsh</subfield>
    <subfield code="a">&#x645;&#x635;&#x631;</subfield>
    <subfield code="x">&#x633;&#x64A;&#x627;&#x633;&#x629; &#x648;&#x62D;&#x643;&#x648;&#x645;&#x629;.</subfield>
    <subfield code="9">29430</subfield>
  </datafield>
  <datafield tag="653" ind1=" " ind2=" ">
    <subfield code="b">BUSBOL</subfield>
    <subfield code="c">July2017</subfield>
  </datafield>
  <datafield tag="655" ind1=" " ind2=" ">
    <subfield code="v">Reading book</subfield>
    <subfield code="9">34232</subfield>
  </datafield>
  <datafield tag="700" ind1="1" ind2=" ">
    <subfield code="a">&#x641;&#x64A;&#x631;&#x643;&#x644;&#x627;&#x648;&#x60C; &#x646;&#x648;&#x631;&#x645;&#x627;&#x646;&#x60C;</subfield>
    <subfield code="d">1941 - </subfield>
  </datafield>
  <datafield tag="700" ind1="1" ind2=" ">
    <subfield code="a">&#x639;&#x645;&#x648;&#x631;&#x629;&#x60C; &#x639;&#x628;&#x62F; &#x627;&#x644;&#x641;&#x62A;&#x627;&#x62D;&#x60C;</subfield>
    <subfield code="e">&#x645;&#x62A;&#x631;&#x62C;&#x645;.</subfield>
  </datafield>
  <datafield tag="942" ind1=" " ind2=" ">
    <subfield code="2">ddc</subfield>
  </datafield>
  <datafield tag="999" ind1=" " ind2=" ">
    <subfield code="c">24979</subfield>
    <subfield code="d">24951</subfield>
  </datafield>
  <datafield tag="952" ind1=" " ind2=" ">
    <subfield code="0">0</subfield>
    <subfield code="1">0</subfield>
    <subfield code="2">ddc</subfield>
    <subfield code="4">0</subfield>
    <subfield code="7">0</subfield>
    <subfield code="a">MAIN</subfield>
    <subfield code="b">MAIN</subfield>
    <subfield code="c">1ST</subfield>
    <subfield code="d">2017-07-04</subfield>
    <subfield code="e">Donation</subfield>
    <subfield code="o">306.44 &#x641; &#x64A; &#x631;</subfield>
    <subfield code="p">000046157</subfield>
    <subfield code="r">2025-07-15 00:00:00</subfield>
    <subfield code="x">&#x625;&#x647;&#x62F;&#x627;&#x621; &#x645;&#x646; &#x623;. &#x645;&#x62D;&#x645;&#x62F; &#x641;&#x631;&#x64A;&#x62F; &#x62E;&#x645;&#x64A;&#x633;</subfield>
    <subfield code="y">BB</subfield>
  </datafield>
</record>
